Study of industrial site development plans in Thailand

Gorde:
Xehetasun bibliografikoak
Formatua: Liburua
Hizkuntza:Undetermined
Argitaratua: Tokyo The International Development center of Japan 1972
Gaiak:
Etiketak: Etiketa erantsi
Etiketarik gabe, Izan zaitez lehena erregistro honi etiketa jartzen!
Thư viện lưu trữ: Trung tâm Học liệu Trường Đại học Cần Thơ
LEADER 00489nam a2200169Ia 4500
001 CTU_105601
008 210402s9999 xx 000 0 und d
082 |a 338.9593 
082 |b S933 
245 0 |a Study of industrial site development plans in Thailand 
260 |a Tokyo 
260 |b The International Development center of Japan 
260 |c 1972 
650 |a Thailand 
650 |x Economic conditions 
904 |i Truc 
980 |a Trung tâm Học liệu Trường Đại học Cần Thơ